<?xml version="1.0" encoding="UTF-8"?>
<record
    xmlns:xsi="http://www.w3.org/2001/XMLSchema-instance"
    xsi:schemaLocation="http://www.loc.gov/MARC21/slim http://www.loc.gov/standards/marcxml/schema/MARC21slim.xsd"
    xmlns="http://www.loc.gov/MARC21/slim">

  <leader>01375cam a2200385 i 4500</leader>
  <controlfield tag="001">5908</controlfield>
  <controlfield tag="003">FISKH</controlfield>
  <controlfield tag="005">20250725142301.0</controlfield>
  <controlfield tag="008">181001s2019    nyua   j      000 1 eng  </controlfield>
  <datafield tag="010" ind1=" " ind2=" ">
    <subfield code="a">  2018959980</subfield>
    <subfield code="z">  2018959981</subfield>
    <subfield code="z">  2018959982</subfield>
    <subfield code="z">  2018959983</subfield>
  </datafield>
  <datafield tag="020" ind1=" " ind2=" ">
    <subfield code="a">9781534448919</subfield>
  </datafield>
  <datafield tag="020" ind1=" " ind2=" ">
    <subfield code="z">9781534448926</subfield>
  </datafield>
  <datafield tag="020" ind1=" " ind2=" ">
    <subfield code="z">9781534448957</subfield>
  </datafield>
  <datafield tag="020" ind1=" " ind2=" ">
    <subfield code="a">9781534449008</subfield>
  </datafield>
  <datafield tag="040" ind1=" " ind2=" ">
    <subfield code="a">DLC</subfield>
    <subfield code="b">eng</subfield>
    <subfield code="e">rda</subfield>
    <subfield code="c">DLC</subfield>
  </datafield>
  <datafield tag="050" ind1=" " ind2=" ">
    <subfield code="a">PZ7.L827 S </subfield>
  </datafield>
  <datafield tag="082" ind1=" " ind2=" ">
    <subfield code="a">823.912</subfield>
  </datafield>
  <datafield tag="100" ind1="1" ind2=" ">
    <subfield code="a">Lofting, Hugh,</subfield>
    <subfield code="d">1886-1947,</subfield>
    <subfield code="e">author.</subfield>
  </datafield>
  <datafield tag="245" ind1=" " ind2=" ">
    <subfield code="a">The story of Doctor Dolittle /</subfield>
    <subfield code="c">By Hugh Lofting</subfield>
  </datafield>
  <datafield tag="260" ind1=" " ind2=" ">
    <subfield code="a">Phnom Penh : </subfield>
    <subfield code="b">Footprint International School, </subfield>
    <subfield code="c">2025.</subfield>
  </datafield>
  <datafield tag="300" ind1=" " ind2=" ">
    <subfield code="a">102 pages : </subfield>
    <subfield code="c">21 cm </subfield>
  </datafield>
  <datafield tag="336" ind1=" " ind2=" ">
    <subfield code="a">text</subfield>
    <subfield code="b">txt</subfield>
    <subfield code="2">rdacontent</subfield>
  </datafield>
  <datafield tag="337" ind1=" " ind2=" ">
    <subfield code="a">unmediated</subfield>
    <subfield code="b">n</subfield>
    <subfield code="2">rdamedia</subfield>
  </datafield>
  <datafield tag="338" ind1=" " ind2=" ">
    <subfield code="a">volume</subfield>
    <subfield code="b">nc</subfield>
    <subfield code="2">rdacarrier</subfield>
  </datafield>
  <datafield tag="500" ind1=" " ind2=" ">
    <subfield code="a">"These titles were previously published individually with slightly different text and art"--Title page verso.</subfield>
  </datafield>
  <datafield tag="505" ind1=" " ind2=" ">
    <subfield code="a">N
</subfield>
  </datafield>
  <datafield tag="520" ind1=" " ind2=" ">
    <subfield code="a">The adventures of a kind-hearted doctor, who is fond of animals and understands their language, as he travels to Africa with some of his favorite pets to cure the monkeys of a terrible sickness.</subfield>
  </datafield>
  <datafield tag="521" ind1="8" ind2=" ">
    <subfield code="a">580
</subfield>
    <subfield code="b">Lexile 
</subfield>
  </datafield>
  <datafield tag="521" ind1="8" ind2=" ">
    <subfield code="a">N
</subfield>
    <subfield code="b">Raz-Plus 
</subfield>
  </datafield>
  <datafield tag="650" ind1=" " ind2="1">
    <subfield code="a">Animals</subfield>
    <subfield code="v">Fiction.</subfield>
  </datafield>
  <datafield tag="650" ind1=" " ind2="1">
    <subfield code="a">Fantasy.</subfield>
  </datafield>
  <datafield tag="906" ind1=" " ind2=" ">
    <subfield code="a">7</subfield>
    <subfield code="b">cbc</subfield>
    <subfield code="c">orignew</subfield>
    <subfield code="d">2</subfield>
    <subfield code="e">epcn</subfield>
    <subfield code="f">20</subfield>
    <subfield code="g">y-gencatlg</subfield>
  </datafield>
  <datafield tag="942" ind1=" " ind2=" ">
    <subfield code="2">ddc</subfield>
    <subfield code="c">BK</subfield>
    <subfield code="n">0</subfield>
  </datafield>
  <datafield tag="999" ind1=" " ind2=" ">
    <subfield code="c">5908</subfield>
    <subfield code="d">5908</subfield>
  </datafield>
  <datafield tag="952" ind1=" " ind2=" ">
    <subfield code="0">0</subfield>
    <subfield code="1">0</subfield>
    <subfield code="2">ddc</subfield>
    <subfield code="4">0</subfield>
    <subfield code="7">0</subfield>
    <subfield code="8">JUVF</subfield>
    <subfield code="a">001</subfield>
    <subfield code="b">001</subfield>
    <subfield code="c">CSS</subfield>
    <subfield code="d">2025-02-04</subfield>
    <subfield code="l">0</subfield>
    <subfield code="o">LOF 823.912 PZ7.L827 S </subfield>
    <subfield code="p">2025-0124</subfield>
    <subfield code="r">2025-02-04 11:10:30</subfield>
    <subfield code="t">1</subfield>
    <subfield code="w">2025-02-04</subfield>
    <subfield code="y">BK</subfield>
  </datafield>
  <datafield tag="952" ind1=" " ind2=" ">
    <subfield code="0">0</subfield>
    <subfield code="1">0</subfield>
    <subfield code="2">ddc</subfield>
    <subfield code="4">0</subfield>
    <subfield code="7">0</subfield>
    <subfield code="8">JUVF</subfield>
    <subfield code="a">001</subfield>
    <subfield code="b">001</subfield>
    <subfield code="c">CSS</subfield>
    <subfield code="d">2025-02-04</subfield>
    <subfield code="l">0</subfield>
    <subfield code="o">LOF 823.912 PZ7.L827 S </subfield>
    <subfield code="p">2025-0125</subfield>
    <subfield code="r">2025-02-04 11:17:41</subfield>
    <subfield code="t">2</subfield>
    <subfield code="w">2025-02-04</subfield>
    <subfield code="y">BK</subfield>
  </datafield>
  <datafield tag="952" ind1=" " ind2=" ">
    <subfield code="0">0</subfield>
    <subfield code="1">0</subfield>
    <subfield code="2">ddc</subfield>
    <subfield code="4">0</subfield>
    <subfield code="7">0</subfield>
    <subfield code="8">JUVF</subfield>
    <subfield code="a">001</subfield>
    <subfield code="b">001</subfield>
    <subfield code="c">CSS</subfield>
    <subfield code="d">2025-02-04</subfield>
    <subfield code="l">0</subfield>
    <subfield code="o">LOF 823.912 PZ7.L827 S </subfield>
    <subfield code="p">2025-0126</subfield>
    <subfield code="r">2025-02-04 11:17:52</subfield>
    <subfield code="t">3</subfield>
    <subfield code="w">2025-02-04</subfield>
    <subfield code="y">BK</subfield>
  </datafield>
  <datafield tag="952" ind1=" " ind2=" ">
    <subfield code="0">0</subfield>
    <subfield code="1">0</subfield>
    <subfield code="2">ddc</subfield>
    <subfield code="4">0</subfield>
    <subfield code="7">0</subfield>
    <subfield code="8">JUVF</subfield>
    <subfield code="a">001</subfield>
    <subfield code="b">001</subfield>
    <subfield code="c">CSS</subfield>
    <subfield code="d">2025-02-04</subfield>
    <subfield code="l">0</subfield>
    <subfield code="o">LOF 823.912 PZ7.L827 S </subfield>
    <subfield code="p">2025-0127</subfield>
    <subfield code="r">2025-02-04 11:17:59</subfield>
    <subfield code="t">4</subfield>
    <subfield code="w">2025-02-04</subfield>
    <subfield code="y">BK</subfield>
  </datafield>
  <datafield tag="952" ind1=" " ind2=" ">
    <subfield code="0">0</subfield>
    <subfield code="1">0</subfield>
    <subfield code="2">ddc</subfield>
    <subfield code="4">0</subfield>
    <subfield code="7">0</subfield>
    <subfield code="8">JUVF</subfield>
    <subfield code="a">001</subfield>
    <subfield code="b">001</subfield>
    <subfield code="c">CSS</subfield>
    <subfield code="d">2025-02-04</subfield>
    <subfield code="l">0</subfield>
    <subfield code="o">LOF 823.912 PZ7.L827 S </subfield>
    <subfield code="p">2025-0128</subfield>
    <subfield code="r">2025-02-04 11:18:25</subfield>
    <subfield code="t">5</subfield>
    <subfield code="w">2025-02-04</subfield>
    <subfield code="y">BK</subfield>
  </datafield>
  <datafield tag="952" ind1=" " ind2=" ">
    <subfield code="0">0</subfield>
    <subfield code="1">0</subfield>
    <subfield code="2">ddc</subfield>
    <subfield code="4">0</subfield>
    <subfield code="7">0</subfield>
    <subfield code="8">JUVF</subfield>
    <subfield code="a">001</subfield>
    <subfield code="b">001</subfield>
    <subfield code="c">CSS</subfield>
    <subfield code="d">2025-02-04</subfield>
    <subfield code="l">0</subfield>
    <subfield code="o">LOF 823.912 PZ7.L827 S </subfield>
    <subfield code="p">2025-0129</subfield>
    <subfield code="r">2025-02-04 11:18:35</subfield>
    <subfield code="t">6</subfield>
    <subfield code="w">2025-02-04</subfield>
    <subfield code="y">BK</subfield>
  </datafield>
  <datafield tag="952" ind1=" " ind2=" ">
    <subfield code="0">0</subfield>
    <subfield code="1">0</subfield>
    <subfield code="2">ddc</subfield>
    <subfield code="4">0</subfield>
    <subfield code="7">0</subfield>
    <subfield code="8">JUVF</subfield>
    <subfield code="a">001</subfield>
    <subfield code="b">001</subfield>
    <subfield code="c">CSS</subfield>
    <subfield code="d">2025-02-04</subfield>
    <subfield code="l">0</subfield>
    <subfield code="o">LOF 823.912 PZ7.L827 S </subfield>
    <subfield code="p">2025-0130</subfield>
    <subfield code="r">2025-02-04 11:18:42</subfield>
    <subfield code="t">7</subfield>
    <subfield code="w">2025-02-04</subfield>
    <subfield code="y">BK</subfield>
  </datafield>
  <datafield tag="952" ind1=" " ind2=" ">
    <subfield code="0">0</subfield>
    <subfield code="1">0</subfield>
    <subfield code="2">ddc</subfield>
    <subfield code="4">0</subfield>
    <subfield code="7">0</subfield>
    <subfield code="8">JUVF</subfield>
    <subfield code="a">001</subfield>
    <subfield code="b">001</subfield>
    <subfield code="c">CSS</subfield>
    <subfield code="d">2025-02-04</subfield>
    <subfield code="l">0</subfield>
    <subfield code="o">LOF 823.912 PZ7.L827 S </subfield>
    <subfield code="p">2025-0131</subfield>
    <subfield code="r">2025-02-04 11:18:50</subfield>
    <subfield code="t">8</subfield>
    <subfield code="w">2025-02-04</subfield>
    <subfield code="y">BK</subfield>
  </datafield>
  <datafield tag="952" ind1=" " ind2=" ">
    <subfield code="0">0</subfield>
    <subfield code="1">0</subfield>
    <subfield code="2">ddc</subfield>
    <subfield code="4">0</subfield>
    <subfield code="7">0</subfield>
    <subfield code="8">JUVF</subfield>
    <subfield code="a">001</subfield>
    <subfield code="b">001</subfield>
    <subfield code="c">CSS</subfield>
    <subfield code="d">2025-02-04</subfield>
    <subfield code="l">0</subfield>
    <subfield code="o">LOF 823.912 PZ7.L827 S </subfield>
    <subfield code="p">2025-0132</subfield>
    <subfield code="r">2025-02-04 11:19:18</subfield>
    <subfield code="t">9</subfield>
    <subfield code="w">2025-02-04</subfield>
    <subfield code="y">BK</subfield>
  </datafield>
  <datafield tag="952" ind1=" " ind2=" ">
    <subfield code="0">0</subfield>
    <subfield code="1">0</subfield>
    <subfield code="2">ddc</subfield>
    <subfield code="4">0</subfield>
    <subfield code="7">0</subfield>
    <subfield code="8">JUVF</subfield>
    <subfield code="a">001</subfield>
    <subfield code="b">001</subfield>
    <subfield code="c">CSS</subfield>
    <subfield code="d">2025-02-04</subfield>
    <subfield code="l">1</subfield>
    <subfield code="o">LOF 823.912 PZ7.L827 S </subfield>
    <subfield code="p">2025-0133</subfield>
    <subfield code="r">2025-03-17 13:53:46</subfield>
    <subfield code="s">2025-03-10</subfield>
    <subfield code="t">10</subfield>
    <subfield code="w">2025-02-04</subfield>
    <subfield code="y">BK</subfield>
  </datafield>
  <datafield tag="952" ind1=" " ind2=" ">
    <subfield code="0">0</subfield>
    <subfield code="1">0</subfield>
    <subfield code="2">ddc</subfield>
    <subfield code="4">0</subfield>
    <subfield code="7">0</subfield>
    <subfield code="8">JUVF</subfield>
    <subfield code="a">001</subfield>
    <subfield code="b">001</subfield>
    <subfield code="c">CSS</subfield>
    <subfield code="d">2025-02-04</subfield>
    <subfield code="l">1</subfield>
    <subfield code="o">LOF 823.912 PZ7.L827 S </subfield>
    <subfield code="p">2025-0134</subfield>
    <subfield code="r">2025-03-27 08:36:48</subfield>
    <subfield code="s">2025-03-10</subfield>
    <subfield code="t">11</subfield>
    <subfield code="w">2025-02-04</subfield>
    <subfield code="y">BK</subfield>
  </datafield>
  <datafield tag="952" ind1=" " ind2=" ">
    <subfield code="0">0</subfield>
    <subfield code="1">0</subfield>
    <subfield code="2">ddc</subfield>
    <subfield code="4">0</subfield>
    <subfield code="7">0</subfield>
    <subfield code="8">JUVF</subfield>
    <subfield code="a">001</subfield>
    <subfield code="b">001</subfield>
    <subfield code="c">CSS</subfield>
    <subfield code="d">2025-02-04</subfield>
    <subfield code="l">0</subfield>
    <subfield code="o">LOF 823.912 PZ7.L827 S </subfield>
    <subfield code="p">2025-0135</subfield>
    <subfield code="r">2025-02-04 11:19:42</subfield>
    <subfield code="t">12</subfield>
    <subfield code="w">2025-02-04</subfield>
    <subfield code="y">BK</subfield>
  </datafield>
  <datafield tag="952" ind1=" " ind2=" ">
    <subfield code="0">0</subfield>
    <subfield code="1">0</subfield>
    <subfield code="2">ddc</subfield>
    <subfield code="4">0</subfield>
    <subfield code="7">0</subfield>
    <subfield code="8">JUVF</subfield>
    <subfield code="a">001</subfield>
    <subfield code="b">001</subfield>
    <subfield code="c">CSS</subfield>
    <subfield code="d">2025-02-04</subfield>
    <subfield code="l">1</subfield>
    <subfield code="o">LOF 823.912 PZ7.L827 S </subfield>
    <subfield code="p">2025-0136</subfield>
    <subfield code="r">2025-03-17 10:00:11</subfield>
    <subfield code="s">2025-03-10</subfield>
    <subfield code="t">13</subfield>
    <subfield code="w">2025-02-04</subfield>
    <subfield code="y">BK</subfield>
  </datafield>
  <datafield tag="952" ind1=" " ind2=" ">
    <subfield code="0">0</subfield>
    <subfield code="1">0</subfield>
    <subfield code="2">ddc</subfield>
    <subfield code="4">0</subfield>
    <subfield code="7">0</subfield>
    <subfield code="8">JUVF</subfield>
    <subfield code="a">001</subfield>
    <subfield code="b">001</subfield>
    <subfield code="c">CSS</subfield>
    <subfield code="d">2025-02-04</subfield>
    <subfield code="l">1</subfield>
    <subfield code="o">LOF 823.912 PZ7.L827 S </subfield>
    <subfield code="p">2025-0137</subfield>
    <subfield code="r">2025-03-27 08:36:42</subfield>
    <subfield code="s">2025-03-10</subfield>
    <subfield code="t">14</subfield>
    <subfield code="w">2025-02-04</subfield>
    <subfield code="y">BK</subfield>
  </datafield>
  <datafield tag="952" ind1=" " ind2=" ">
    <subfield code="0">0</subfield>
    <subfield code="1">0</subfield>
    <subfield code="2">ddc</subfield>
    <subfield code="4">0</subfield>
    <subfield code="7">0</subfield>
    <subfield code="8">JUVF</subfield>
    <subfield code="a">001</subfield>
    <subfield code="b">001</subfield>
    <subfield code="c">CSS</subfield>
    <subfield code="d">2025-02-04</subfield>
    <subfield code="l">1</subfield>
    <subfield code="o">LOF 823.912 PZ7.L827 S </subfield>
    <subfield code="p">2025-0138</subfield>
    <subfield code="r">2025-04-07 09:52:18</subfield>
    <subfield code="s">2025-03-10</subfield>
    <subfield code="t">15</subfield>
    <subfield code="w">2025-02-04</subfield>
    <subfield code="y">BK</subfield>
  </datafield>
  <datafield tag="952" ind1=" " ind2=" ">
    <subfield code="0">0</subfield>
    <subfield code="1">0</subfield>
    <subfield code="2">ddc</subfield>
    <subfield code="4">0</subfield>
    <subfield code="7">0</subfield>
    <subfield code="8">JUVF</subfield>
    <subfield code="a">001</subfield>
    <subfield code="b">001</subfield>
    <subfield code="c">CSS</subfield>
    <subfield code="d">2025-02-04</subfield>
    <subfield code="l">0</subfield>
    <subfield code="o">LOF 823.912 PZ7.L827 S </subfield>
    <subfield code="p">2025-0139</subfield>
    <subfield code="r">2025-02-04 11:20:25</subfield>
    <subfield code="t">16</subfield>
    <subfield code="w">2025-02-04</subfield>
    <subfield code="y">BK</subfield>
  </datafield>
  <datafield tag="952" ind1=" " ind2=" ">
    <subfield code="0">0</subfield>
    <subfield code="1">0</subfield>
    <subfield code="2">ddc</subfield>
    <subfield code="4">0</subfield>
    <subfield code="7">0</subfield>
    <subfield code="8">JUVF</subfield>
    <subfield code="a">001</subfield>
    <subfield code="b">001</subfield>
    <subfield code="c">CSS</subfield>
    <subfield code="d">2025-02-04</subfield>
    <subfield code="l">0</subfield>
    <subfield code="o">LOF 823.912 PZ7.L827 S </subfield>
    <subfield code="p">2025-0140</subfield>
    <subfield code="r">2025-02-04 11:20:32</subfield>
    <subfield code="t">17</subfield>
    <subfield code="w">2025-02-04</subfield>
    <subfield code="y">BK</subfield>
  </datafield>
  <datafield tag="952" ind1=" " ind2=" ">
    <subfield code="0">0</subfield>
    <subfield code="1">0</subfield>
    <subfield code="2">ddc</subfield>
    <subfield code="4">0</subfield>
    <subfield code="7">0</subfield>
    <subfield code="8">JUVF</subfield>
    <subfield code="a">001</subfield>
    <subfield code="b">001</subfield>
    <subfield code="c">CSS</subfield>
    <subfield code="d">2025-02-04</subfield>
    <subfield code="l">0</subfield>
    <subfield code="o">LOF 823.912 PZ7.L827 S </subfield>
    <subfield code="p">2025-0141</subfield>
    <subfield code="r">2025-02-04 11:20:41</subfield>
    <subfield code="t">18</subfield>
    <subfield code="w">2025-02-04</subfield>
    <subfield code="y">BK</subfield>
  </datafield>
  <datafield tag="952" ind1=" " ind2=" ">
    <subfield code="0">0</subfield>
    <subfield code="1">0</subfield>
    <subfield code="2">ddc</subfield>
    <subfield code="4">0</subfield>
    <subfield code="7">0</subfield>
    <subfield code="8">JUVF</subfield>
    <subfield code="a">001</subfield>
    <subfield code="b">001</subfield>
    <subfield code="c">CSS</subfield>
    <subfield code="d">2025-02-04</subfield>
    <subfield code="l">0</subfield>
    <subfield code="o">LOF 823.912 PZ7.L827 S </subfield>
    <subfield code="p">2025-0142</subfield>
    <subfield code="r">2025-02-04 11:20:51</subfield>
    <subfield code="t">19</subfield>
    <subfield code="w">2025-02-04</subfield>
    <subfield code="y">BK</subfield>
  </datafield>
  <datafield tag="952" ind1=" " ind2=" ">
    <subfield code="0">0</subfield>
    <subfield code="1">0</subfield>
    <subfield code="2">ddc</subfield>
    <subfield code="4">0</subfield>
    <subfield code="7">0</subfield>
    <subfield code="8">JUVF</subfield>
    <subfield code="a">001</subfield>
    <subfield code="b">001</subfield>
    <subfield code="c">CSS</subfield>
    <subfield code="d">2025-02-04</subfield>
    <subfield code="l">0</subfield>
    <subfield code="o">LOF 823.912 PZ7.L827 S </subfield>
    <subfield code="p">2025-0143</subfield>
    <subfield code="r">2025-02-04 11:21:02</subfield>
    <subfield code="t">20</subfield>
    <subfield code="w">2025-02-04</subfield>
    <subfield code="y">BK</subfield>
  </datafield>
  <datafield tag="952" ind1=" " ind2=" ">
    <subfield code="0">0</subfield>
    <subfield code="1">0</subfield>
    <subfield code="2">ddc</subfield>
    <subfield code="4">0</subfield>
    <subfield code="7">0</subfield>
    <subfield code="8">JUVF</subfield>
    <subfield code="a">001</subfield>
    <subfield code="b">001</subfield>
    <subfield code="c">CSS</subfield>
    <subfield code="d">2025-02-04</subfield>
    <subfield code="l">0</subfield>
    <subfield code="o">LOF 823.912 PZ7.L827 S </subfield>
    <subfield code="p">2025-0144</subfield>
    <subfield code="r">2025-02-04 11:21:11</subfield>
    <subfield code="t">21</subfield>
    <subfield code="w">2025-02-04</subfield>
    <subfield code="y">BK</subfield>
  </datafield>
  <datafield tag="952" ind1=" " ind2=" ">
    <subfield code="0">0</subfield>
    <subfield code="1">0</subfield>
    <subfield code="2">ddc</subfield>
    <subfield code="4">0</subfield>
    <subfield code="7">0</subfield>
    <subfield code="8">JUVF</subfield>
    <subfield code="a">001</subfield>
    <subfield code="b">001</subfield>
    <subfield code="c">CSS</subfield>
    <subfield code="d">2025-02-04</subfield>
    <subfield code="l">0</subfield>
    <subfield code="o">LOF 823.912 PZ7.L827 S </subfield>
    <subfield code="p">2025-0145</subfield>
    <subfield code="r">2025-02-04 11:21:27</subfield>
    <subfield code="t">22</subfield>
    <subfield code="w">2025-02-04</subfield>
    <subfield code="y">BK</subfield>
  </datafield>
  <datafield tag="952" ind1=" " ind2=" ">
    <subfield code="0">0</subfield>
    <subfield code="1">0</subfield>
    <subfield code="2">ddc</subfield>
    <subfield code="4">0</subfield>
    <subfield code="7">0</subfield>
    <subfield code="8">JUVF</subfield>
    <subfield code="a">001</subfield>
    <subfield code="b">001</subfield>
    <subfield code="c">CSS</subfield>
    <subfield code="d">2025-02-04</subfield>
    <subfield code="l">0</subfield>
    <subfield code="o">LOF 823.912 PZ7.L827 S </subfield>
    <subfield code="p">2025-0146</subfield>
    <subfield code="r">2025-02-04 11:21:39</subfield>
    <subfield code="t">23</subfield>
    <subfield code="w">2025-02-04</subfield>
    <subfield code="y">BK</subfield>
  </datafield>
  <datafield tag="952" ind1=" " ind2=" ">
    <subfield code="0">0</subfield>
    <subfield code="1">0</subfield>
    <subfield code="2">ddc</subfield>
    <subfield code="4">0</subfield>
    <subfield code="7">0</subfield>
    <subfield code="8">JUVF</subfield>
    <subfield code="a">001</subfield>
    <subfield code="b">001</subfield>
    <subfield code="c">CSS</subfield>
    <subfield code="d">2025-02-04</subfield>
    <subfield code="l">0</subfield>
    <subfield code="o">LOF 823.912 PZ7.L827 S </subfield>
    <subfield code="p">2025-0147</subfield>
    <subfield code="r">2025-02-04 11:21:48</subfield>
    <subfield code="t">24</subfield>
    <subfield code="w">2025-02-04</subfield>
    <subfield code="y">BK</subfield>
  </datafield>
  <datafield tag="952" ind1=" " ind2=" ">
    <subfield code="0">0</subfield>
    <subfield code="1">0</subfield>
    <subfield code="2">ddc</subfield>
    <subfield code="4">0</subfield>
    <subfield code="7">0</subfield>
    <subfield code="8">JUVF</subfield>
    <subfield code="a">001</subfield>
    <subfield code="b">001</subfield>
    <subfield code="c">CSS</subfield>
    <subfield code="d">2025-02-04</subfield>
    <subfield code="l">0</subfield>
    <subfield code="o">LOF 823.912 PZ7.L827 S </subfield>
    <subfield code="p">2025-0148</subfield>
    <subfield code="r">2025-02-04 11:22:00</subfield>
    <subfield code="t">25</subfield>
    <subfield code="w">2025-02-04</subfield>
    <subfield code="y">BK</subfield>
  </datafield>
  <datafield tag="952" ind1=" " ind2=" ">
    <subfield code="0">0</subfield>
    <subfield code="1">0</subfield>
    <subfield code="2">ddc</subfield>
    <subfield code="4">0</subfield>
    <subfield code="7">0</subfield>
    <subfield code="8">JUVF</subfield>
    <subfield code="a">001</subfield>
    <subfield code="b">001</subfield>
    <subfield code="c">CSS</subfield>
    <subfield code="d">2025-02-04</subfield>
    <subfield code="l">0</subfield>
    <subfield code="o">LOF 823.912 PZ7.L827 S </subfield>
    <subfield code="p">2025-0149</subfield>
    <subfield code="r">2025-02-04 11:22:09</subfield>
    <subfield code="t">26</subfield>
    <subfield code="w">2025-02-04</subfield>
    <subfield code="y">BK</subfield>
  </datafield>
  <datafield tag="952" ind1=" " ind2=" ">
    <subfield code="0">0</subfield>
    <subfield code="1">0</subfield>
    <subfield code="2">ddc</subfield>
    <subfield code="4">0</subfield>
    <subfield code="7">0</subfield>
    <subfield code="8">JUVF</subfield>
    <subfield code="a">001</subfield>
    <subfield code="b">001</subfield>
    <subfield code="c">CSS</subfield>
    <subfield code="d">2025-02-04</subfield>
    <subfield code="l">1</subfield>
    <subfield code="o">LOF 823.912 PZ7.L827 S </subfield>
    <subfield code="p">2025-0150</subfield>
    <subfield code="r">2026-01-06 08:33:55</subfield>
    <subfield code="s">2025-05-21</subfield>
    <subfield code="t">27</subfield>
    <subfield code="w">2025-02-04</subfield>
    <subfield code="y">BK</subfield>
  </datafield>
  <datafield tag="952" ind1=" " ind2=" ">
    <subfield code="0">0</subfield>
    <subfield code="1">0</subfield>
    <subfield code="2">ddc</subfield>
    <subfield code="4">0</subfield>
    <subfield code="7">0</subfield>
    <subfield code="8">JUVF</subfield>
    <subfield code="a">002</subfield>
    <subfield code="b">002</subfield>
    <subfield code="c">SCBTTP</subfield>
    <subfield code="d">2025-02-04</subfield>
    <subfield code="l">2</subfield>
    <subfield code="o">LOF 823.912 PZ7.L827 S </subfield>
    <subfield code="p">2025-0223</subfield>
    <subfield code="r">2026-01-28 12:31:16</subfield>
    <subfield code="s">2026-01-06</subfield>
    <subfield code="t">28.1</subfield>
    <subfield code="w">2025-02-04</subfield>
    <subfield code="y">BK</subfield>
  </datafield>
  <datafield tag="952" ind1=" " ind2=" ">
    <subfield code="0">0</subfield>
    <subfield code="1">0</subfield>
    <subfield code="2">ddc</subfield>
    <subfield code="4">0</subfield>
    <subfield code="7">0</subfield>
    <subfield code="8">JUVF</subfield>
    <subfield code="a">002</subfield>
    <subfield code="b">002</subfield>
    <subfield code="c">SCBTTP</subfield>
    <subfield code="d">2025-02-04</subfield>
    <subfield code="l">2</subfield>
    <subfield code="o">LOF 823.912 PZ7.L827 S </subfield>
    <subfield code="p">2025-0224</subfield>
    <subfield code="r">2026-01-13 14:04:16</subfield>
    <subfield code="s">2026-01-06</subfield>
    <subfield code="t">29.2</subfield>
    <subfield code="w">2025-02-04</subfield>
    <subfield code="y">BK</subfield>
  </datafield>
  <datafield tag="952" ind1=" " ind2=" ">
    <subfield code="0">0</subfield>
    <subfield code="1">0</subfield>
    <subfield code="2">ddc</subfield>
    <subfield code="4">0</subfield>
    <subfield code="7">0</subfield>
    <subfield code="8">JUVF</subfield>
    <subfield code="a">002</subfield>
    <subfield code="b">002</subfield>
    <subfield code="c">SCBTTP</subfield>
    <subfield code="d">2025-02-04</subfield>
    <subfield code="l">3</subfield>
    <subfield code="o">LOF 823.912 PZ7.L827 S </subfield>
    <subfield code="p">2025-0225</subfield>
    <subfield code="r">2026-03-24 13:57:16</subfield>
    <subfield code="s">2026-01-06</subfield>
    <subfield code="t">30.3</subfield>
    <subfield code="w">2025-02-04</subfield>
    <subfield code="y">BK</subfield>
  </datafield>
  <datafield tag="952" ind1=" " ind2=" ">
    <subfield code="0">0</subfield>
    <subfield code="1">0</subfield>
    <subfield code="2">ddc</subfield>
    <subfield code="4">0</subfield>
    <subfield code="7">0</subfield>
    <subfield code="8">JUVF</subfield>
    <subfield code="a">002</subfield>
    <subfield code="b">002</subfield>
    <subfield code="c">SCBTTP</subfield>
    <subfield code="d">2025-02-04</subfield>
    <subfield code="l">2</subfield>
    <subfield code="o">LOF 823.912 PZ7.L827 S </subfield>
    <subfield code="p">2025-0226</subfield>
    <subfield code="r">2026-01-28 12:14:53</subfield>
    <subfield code="s">2026-01-06</subfield>
    <subfield code="t">31.4</subfield>
    <subfield code="w">2025-02-04</subfield>
    <subfield code="y">BK</subfield>
  </datafield>
  <datafield tag="952" ind1=" " ind2=" ">
    <subfield code="0">0</subfield>
    <subfield code="1">0</subfield>
    <subfield code="2">ddc</subfield>
    <subfield code="4">0</subfield>
    <subfield code="7">0</subfield>
    <subfield code="8">JUVF</subfield>
    <subfield code="a">002</subfield>
    <subfield code="b">002</subfield>
    <subfield code="c">SCBTTP</subfield>
    <subfield code="d">2025-02-04</subfield>
    <subfield code="l">2</subfield>
    <subfield code="o">LOF 823.912 PZ7.L827 S </subfield>
    <subfield code="p">2025-0227</subfield>
    <subfield code="r">2026-01-23 14:26:01</subfield>
    <subfield code="s">2026-01-06</subfield>
    <subfield code="t">32.5</subfield>
    <subfield code="w">2025-02-04</subfield>
    <subfield code="y">BK</subfield>
  </datafield>
  <datafield tag="952" ind1=" " ind2=" ">
    <subfield code="0">0</subfield>
    <subfield code="1">0</subfield>
    <subfield code="2">ddc</subfield>
    <subfield code="4">0</subfield>
    <subfield code="7">0</subfield>
    <subfield code="8">JUVF</subfield>
    <subfield code="a">002</subfield>
    <subfield code="b">002</subfield>
    <subfield code="c">SCBTTP</subfield>
    <subfield code="d">2025-02-04</subfield>
    <subfield code="l">2</subfield>
    <subfield code="o">LOF 823.912 PZ7.L827 S </subfield>
    <subfield code="p">2025-0228</subfield>
    <subfield code="r">2026-02-10 13:52:28</subfield>
    <subfield code="s">2026-01-06</subfield>
    <subfield code="t">33.6</subfield>
    <subfield code="w">2025-02-04</subfield>
    <subfield code="y">BK</subfield>
  </datafield>
  <datafield tag="952" ind1=" " ind2=" ">
    <subfield code="0">0</subfield>
    <subfield code="1">0</subfield>
    <subfield code="2">ddc</subfield>
    <subfield code="4">0</subfield>
    <subfield code="7">0</subfield>
    <subfield code="8">JUVF</subfield>
    <subfield code="a">002</subfield>
    <subfield code="b">001</subfield>
    <subfield code="c">SCBTTP</subfield>
    <subfield code="d">2025-02-04</subfield>
    <subfield code="l">2</subfield>
    <subfield code="o">LOF 823.912 PZ7.L827 S </subfield>
    <subfield code="p">2025-0229</subfield>
    <subfield code="r">2026-04-28 14:33:58</subfield>
    <subfield code="s">2026-01-06</subfield>
    <subfield code="t">34.7</subfield>
    <subfield code="w">2025-02-04</subfield>
    <subfield code="y">BK</subfield>
  </datafield>
  <datafield tag="952" ind1=" " ind2=" ">
    <subfield code="0">0</subfield>
    <subfield code="1">0</subfield>
    <subfield code="2">ddc</subfield>
    <subfield code="4">0</subfield>
    <subfield code="7">0</subfield>
    <subfield code="8">JUVF</subfield>
    <subfield code="a">002</subfield>
    <subfield code="b">001</subfield>
    <subfield code="c">SCBTTP</subfield>
    <subfield code="d">2025-02-04</subfield>
    <subfield code="l">3</subfield>
    <subfield code="o">LOF 823.912 PZ7.L827 S </subfield>
    <subfield code="p">2025-0230</subfield>
    <subfield code="q">2026-01-20</subfield>
    <subfield code="r">2026-01-06 10:41:07</subfield>
    <subfield code="s">2026-01-06</subfield>
    <subfield code="t">35.8</subfield>
    <subfield code="w">2025-02-04</subfield>
    <subfield code="y">BK</subfield>
  </datafield>
  <datafield tag="952" ind1=" " ind2=" ">
    <subfield code="0">0</subfield>
    <subfield code="1">0</subfield>
    <subfield code="2">ddc</subfield>
    <subfield code="4">0</subfield>
    <subfield code="7">0</subfield>
    <subfield code="8">JUVF</subfield>
    <subfield code="a">002</subfield>
    <subfield code="b">002</subfield>
    <subfield code="c">SCBTTP</subfield>
    <subfield code="d">2025-02-04</subfield>
    <subfield code="l">2</subfield>
    <subfield code="o">LOF 823.912 PZ7.L827 S </subfield>
    <subfield code="p">2025-0231</subfield>
    <subfield code="r">2026-02-24 13:52:31</subfield>
    <subfield code="s">2026-01-06</subfield>
    <subfield code="t">36.9</subfield>
    <subfield code="w">2025-02-04</subfield>
    <subfield code="y">BK</subfield>
  </datafield>
  <datafield tag="952" ind1=" " ind2=" ">
    <subfield code="0">0</subfield>
    <subfield code="1">0</subfield>
    <subfield code="2">ddc</subfield>
    <subfield code="4">0</subfield>
    <subfield code="7">0</subfield>
    <subfield code="8">JUVF</subfield>
    <subfield code="a">002</subfield>
    <subfield code="b">001</subfield>
    <subfield code="c">SCBTTP</subfield>
    <subfield code="d">2025-02-04</subfield>
    <subfield code="l">3</subfield>
    <subfield code="o">LOF 823.912 PZ7.L827 S </subfield>
    <subfield code="p">2025-0232</subfield>
    <subfield code="r">2026-03-31 13:46:51</subfield>
    <subfield code="s">2026-03-31</subfield>
    <subfield code="t">37.10</subfield>
    <subfield code="w">2025-02-04</subfield>
    <subfield code="y">BK</subfield>
  </datafield>
  <datafield tag="952" ind1=" " ind2=" ">
    <subfield code="0">0</subfield>
    <subfield code="1">0</subfield>
    <subfield code="2">ddc</subfield>
    <subfield code="4">0</subfield>
    <subfield code="7">0</subfield>
    <subfield code="8">JUVF</subfield>
    <subfield code="a">002</subfield>
    <subfield code="b">002</subfield>
    <subfield code="c">SCBTTP</subfield>
    <subfield code="d">2025-02-04</subfield>
    <subfield code="l">2</subfield>
    <subfield code="o">LOF 823.912 PZ7.L827 S </subfield>
    <subfield code="p">2025-0233</subfield>
    <subfield code="r">2025-09-30 10:22:24</subfield>
    <subfield code="s">2025-07-15</subfield>
    <subfield code="t">38.11</subfield>
    <subfield code="w">2025-02-04</subfield>
    <subfield code="y">BK</subfield>
  </datafield>
  <datafield tag="952" ind1=" " ind2=" ">
    <subfield code="0">0</subfield>
    <subfield code="1">0</subfield>
    <subfield code="2">ddc</subfield>
    <subfield code="4">0</subfield>
    <subfield code="7">0</subfield>
    <subfield code="8">JUVF</subfield>
    <subfield code="a">002</subfield>
    <subfield code="b">001</subfield>
    <subfield code="c">SCBTTP</subfield>
    <subfield code="d">2025-02-04</subfield>
    <subfield code="l">2</subfield>
    <subfield code="o">LOF 823.912 PZ7.L827 S </subfield>
    <subfield code="p">2025-0234</subfield>
    <subfield code="r">2026-03-31 13:46:56</subfield>
    <subfield code="s">2026-01-08</subfield>
    <subfield code="t">39.12</subfield>
    <subfield code="w">2025-02-04</subfield>
    <subfield code="y">BK</subfield>
  </datafield>
  <datafield tag="952" ind1=" " ind2=" ">
    <subfield code="0">0</subfield>
    <subfield code="1">0</subfield>
    <subfield code="2">ddc</subfield>
    <subfield code="4">0</subfield>
    <subfield code="7">0</subfield>
    <subfield code="8">JUVF</subfield>
    <subfield code="a">002</subfield>
    <subfield code="b">001</subfield>
    <subfield code="c">SCBTTP</subfield>
    <subfield code="d">2025-02-04</subfield>
    <subfield code="l">2</subfield>
    <subfield code="o">LOF 823.912 PZ7.L827 S </subfield>
    <subfield code="p">2025-0248</subfield>
    <subfield code="r">2026-01-06 14:25:35</subfield>
    <subfield code="s">2026-01-06</subfield>
    <subfield code="t">40.13</subfield>
    <subfield code="w">2025-02-04</subfield>
    <subfield code="y">BK</subfield>
  </datafield>
  <datafield tag="952" ind1=" " ind2=" ">
    <subfield code="0">0</subfield>
    <subfield code="1">0</subfield>
    <subfield code="2">ddc</subfield>
    <subfield code="4">0</subfield>
    <subfield code="7">0</subfield>
    <subfield code="8">JUVF</subfield>
    <subfield code="a">002</subfield>
    <subfield code="b">002</subfield>
    <subfield code="c">SCBTTP</subfield>
    <subfield code="d">2025-02-04</subfield>
    <subfield code="l">3</subfield>
    <subfield code="o">LOF 823.912 PZ7.L827 S </subfield>
    <subfield code="p">2025-0235</subfield>
    <subfield code="r">2026-03-24 13:51:00</subfield>
    <subfield code="s">2026-01-06</subfield>
    <subfield code="t">41.14</subfield>
    <subfield code="w">2025-02-04</subfield>
    <subfield code="y">BK</subfield>
  </datafield>
  <datafield tag="952" ind1=" " ind2=" ">
    <subfield code="0">0</subfield>
    <subfield code="1">0</subfield>
    <subfield code="2">ddc</subfield>
    <subfield code="4">0</subfield>
    <subfield code="7">0</subfield>
    <subfield code="8">JUVF</subfield>
    <subfield code="a">002</subfield>
    <subfield code="b">002</subfield>
    <subfield code="c">SCBTTP</subfield>
    <subfield code="d">2025-02-04</subfield>
    <subfield code="l">3</subfield>
    <subfield code="o">LOF 823.912 PZ7.L827 S </subfield>
    <subfield code="p">2025-0236</subfield>
    <subfield code="r">2026-01-13 13:52:37</subfield>
    <subfield code="s">2026-01-06</subfield>
    <subfield code="t">42.15</subfield>
    <subfield code="w">2025-02-04</subfield>
    <subfield code="y">BK</subfield>
  </datafield>
  <datafield tag="952" ind1=" " ind2=" ">
    <subfield code="0">0</subfield>
    <subfield code="1">0</subfield>
    <subfield code="2">ddc</subfield>
    <subfield code="4">0</subfield>
    <subfield code="7">0</subfield>
    <subfield code="8">JUVF</subfield>
    <subfield code="a">002</subfield>
    <subfield code="b">002</subfield>
    <subfield code="c">SCBTTP</subfield>
    <subfield code="d">2025-02-04</subfield>
    <subfield code="l">2</subfield>
    <subfield code="o">LOF 823.912 PZ7.L827 S </subfield>
    <subfield code="p">2025-0237</subfield>
    <subfield code="r">2026-01-09 16:07:42</subfield>
    <subfield code="s">2026-01-06</subfield>
    <subfield code="t">43.16</subfield>
    <subfield code="w">2025-02-04</subfield>
    <subfield code="y">BK</subfield>
  </datafield>
  <datafield tag="952" ind1=" " ind2=" ">
    <subfield code="0">0</subfield>
    <subfield code="1">0</subfield>
    <subfield code="2">ddc</subfield>
    <subfield code="4">0</subfield>
    <subfield code="7">0</subfield>
    <subfield code="8">JUVF</subfield>
    <subfield code="a">002</subfield>
    <subfield code="b">002</subfield>
    <subfield code="c">SCBTTP</subfield>
    <subfield code="d">2025-02-04</subfield>
    <subfield code="l">3</subfield>
    <subfield code="o">LOF 823.912 PZ7.L827 S </subfield>
    <subfield code="p">2025-0238</subfield>
    <subfield code="r">2026-01-20 13:54:36</subfield>
    <subfield code="s">2026-01-06</subfield>
    <subfield code="t">44.17</subfield>
    <subfield code="w">2025-02-04</subfield>
    <subfield code="y">BK</subfield>
  </datafield>
  <datafield tag="952" ind1=" " ind2=" ">
    <subfield code="0">0</subfield>
    <subfield code="1">0</subfield>
    <subfield code="2">ddc</subfield>
    <subfield code="4">0</subfield>
    <subfield code="7">0</subfield>
    <subfield code="8">JUVF</subfield>
    <subfield code="a">002</subfield>
    <subfield code="b">001</subfield>
    <subfield code="c">SCBTTP</subfield>
    <subfield code="d">2025-02-04</subfield>
    <subfield code="l">2</subfield>
    <subfield code="o">LOF 823.912 PZ7.L827 S </subfield>
    <subfield code="p">2025-0239</subfield>
    <subfield code="r">2026-03-31 13:48:52</subfield>
    <subfield code="s">2026-01-06</subfield>
    <subfield code="t">45.18</subfield>
    <subfield code="w">2025-02-04</subfield>
    <subfield code="y">BK</subfield>
  </datafield>
  <datafield tag="952" ind1=" " ind2=" ">
    <subfield code="0">0</subfield>
    <subfield code="1">0</subfield>
    <subfield code="2">ddc</subfield>
    <subfield code="4">0</subfield>
    <subfield code="7">0</subfield>
    <subfield code="8">JUVF</subfield>
    <subfield code="a">002</subfield>
    <subfield code="b">002</subfield>
    <subfield code="c">SCBTTP</subfield>
    <subfield code="d">2025-02-04</subfield>
    <subfield code="l">1</subfield>
    <subfield code="o">LOF 823.912 PZ7.L827 S </subfield>
    <subfield code="p">2025-0240</subfield>
    <subfield code="r">2025-10-08 10:29:14</subfield>
    <subfield code="s">2025-08-13</subfield>
    <subfield code="t">46.19</subfield>
    <subfield code="w">2025-02-04</subfield>
    <subfield code="y">BK</subfield>
  </datafield>
  <datafield tag="952" ind1=" " ind2=" ">
    <subfield code="0">0</subfield>
    <subfield code="1">0</subfield>
    <subfield code="2">ddc</subfield>
    <subfield code="4">0</subfield>
    <subfield code="7">0</subfield>
    <subfield code="8">JUVF</subfield>
    <subfield code="a">002</subfield>
    <subfield code="b">001</subfield>
    <subfield code="c">SCBTTP</subfield>
    <subfield code="d">2025-02-04</subfield>
    <subfield code="l">2</subfield>
    <subfield code="o">LOF 823.912 PZ7.L827 S </subfield>
    <subfield code="p">2025-0241</subfield>
    <subfield code="q">2026-01-20</subfield>
    <subfield code="r">2026-01-06 10:31:40</subfield>
    <subfield code="s">2026-01-06</subfield>
    <subfield code="t">47.20</subfield>
    <subfield code="w">2025-02-04</subfield>
    <subfield code="y">BK</subfield>
  </datafield>
  <datafield tag="952" ind1=" " ind2=" ">
    <subfield code="0">0</subfield>
    <subfield code="1">0</subfield>
    <subfield code="2">ddc</subfield>
    <subfield code="4">0</subfield>
    <subfield code="7">0</subfield>
    <subfield code="8">JUVF</subfield>
    <subfield code="a">002</subfield>
    <subfield code="b">001</subfield>
    <subfield code="c">SCBTTP</subfield>
    <subfield code="d">2025-02-04</subfield>
    <subfield code="l">2</subfield>
    <subfield code="o">LOF 823.912 PZ7.L827 S </subfield>
    <subfield code="p">2025-0242</subfield>
    <subfield code="r">2026-03-31 13:57:58</subfield>
    <subfield code="s">2026-01-06</subfield>
    <subfield code="t">48.21</subfield>
    <subfield code="w">2025-02-04</subfield>
    <subfield code="y">BK</subfield>
  </datafield>
  <datafield tag="952" ind1=" " ind2=" ">
    <subfield code="0">0</subfield>
    <subfield code="1">0</subfield>
    <subfield code="2">ddc</subfield>
    <subfield code="4">0</subfield>
    <subfield code="7">0</subfield>
    <subfield code="8">JUVF</subfield>
    <subfield code="a">002</subfield>
    <subfield code="b">001</subfield>
    <subfield code="c">SCBTTP</subfield>
    <subfield code="d">2025-02-04</subfield>
    <subfield code="l">3</subfield>
    <subfield code="o">LOF 823.912 PZ7.L827 S </subfield>
    <subfield code="p">2025-0243</subfield>
    <subfield code="q">2026-01-20</subfield>
    <subfield code="r">2026-01-06 10:38:55</subfield>
    <subfield code="s">2026-01-06</subfield>
    <subfield code="t">49.22</subfield>
    <subfield code="w">2025-02-04</subfield>
    <subfield code="y">BK</subfield>
  </datafield>
  <datafield tag="952" ind1=" " ind2=" ">
    <subfield code="0">0</subfield>
    <subfield code="1">0</subfield>
    <subfield code="2">ddc</subfield>
    <subfield code="4">0</subfield>
    <subfield code="7">0</subfield>
    <subfield code="8">JUVF</subfield>
    <subfield code="a">002</subfield>
    <subfield code="b">002</subfield>
    <subfield code="c">SCBTTP</subfield>
    <subfield code="d">2025-02-04</subfield>
    <subfield code="l">1</subfield>
    <subfield code="o">LOF 823.912 PZ7.L827 S </subfield>
    <subfield code="p">2025-0244</subfield>
    <subfield code="r">2026-01-27 13:44:29</subfield>
    <subfield code="s">2026-01-06</subfield>
    <subfield code="t">50.23</subfield>
    <subfield code="w">2025-02-04</subfield>
    <subfield code="y">BK</subfield>
  </datafield>
  <datafield tag="952" ind1=" " ind2=" ">
    <subfield code="0">0</subfield>
    <subfield code="1">0</subfield>
    <subfield code="2">ddc</subfield>
    <subfield code="4">0</subfield>
    <subfield code="7">0</subfield>
    <subfield code="8">JUVF</subfield>
    <subfield code="a">002</subfield>
    <subfield code="b">001</subfield>
    <subfield code="c">SCBTTP</subfield>
    <subfield code="d">2025-02-04</subfield>
    <subfield code="l">5</subfield>
    <subfield code="o">LOF 823.912 PZ7.L827 S </subfield>
    <subfield code="p">2025-0245</subfield>
    <subfield code="r">2026-03-03 14:28:55</subfield>
    <subfield code="s">2026-02-24</subfield>
    <subfield code="t">51.24</subfield>
    <subfield code="w">2025-02-04</subfield>
    <subfield code="y">BK</subfield>
  </datafield>
  <datafield tag="952" ind1=" " ind2=" ">
    <subfield code="0">0</subfield>
    <subfield code="1">0</subfield>
    <subfield code="2">ddc</subfield>
    <subfield code="4">0</subfield>
    <subfield code="7">0</subfield>
    <subfield code="8">JUVF</subfield>
    <subfield code="a">002</subfield>
    <subfield code="b">001</subfield>
    <subfield code="c">SCBTTP</subfield>
    <subfield code="d">2025-02-04</subfield>
    <subfield code="l">2</subfield>
    <subfield code="o">LOF 823.912 PZ7.L827 S </subfield>
    <subfield code="p">2025-0246</subfield>
    <subfield code="r">2026-03-31 13:48:57</subfield>
    <subfield code="s">2026-01-06</subfield>
    <subfield code="t">52.25</subfield>
    <subfield code="w">2025-02-04</subfield>
    <subfield code="y">BK</subfield>
  </datafield>
  <datafield tag="952" ind1=" " ind2=" ">
    <subfield code="0">0</subfield>
    <subfield code="1">0</subfield>
    <subfield code="2">ddc</subfield>
    <subfield code="4">0</subfield>
    <subfield code="7">0</subfield>
    <subfield code="8">JUVF</subfield>
    <subfield code="a">002</subfield>
    <subfield code="b">001</subfield>
    <subfield code="c">SCBTTP</subfield>
    <subfield code="d">2025-02-04</subfield>
    <subfield code="l">3</subfield>
    <subfield code="o">LOF 823.912 PZ7.L827 S </subfield>
    <subfield code="p">2025-0247</subfield>
    <subfield code="r">2026-01-06 14:25:41</subfield>
    <subfield code="s">2026-01-06</subfield>
    <subfield code="t">53.26</subfield>
    <subfield code="w">2025-02-04</subfield>
    <subfield code="y">BK</subfield>
  </datafield>
  <datafield tag="952" ind1=" " ind2=" ">
    <subfield code="0">0</subfield>
    <subfield code="1">0</subfield>
    <subfield code="2">ddc</subfield>
    <subfield code="4">0</subfield>
    <subfield code="7">0</subfield>
    <subfield code="8">JUVF</subfield>
    <subfield code="a">002</subfield>
    <subfield code="b">002</subfield>
    <subfield code="c">SCBTTP</subfield>
    <subfield code="d">2025-02-05</subfield>
    <subfield code="l">2</subfield>
    <subfield code="o">LOF 823.912 PZ7.L827 S </subfield>
    <subfield code="p">2025-0276</subfield>
    <subfield code="r">2026-02-10 14:27:47</subfield>
    <subfield code="s">2026-01-06</subfield>
    <subfield code="t">54.27</subfield>
    <subfield code="w">2025-02-05</subfield>
    <subfield code="y">BK</subfield>
  </datafield>
</record>
